[Event "BL 1011 (Women)"]
[Site "Germany"]
[Date "2011.01.30"]
[Round "7.4"]
[White "Beltz, Franziska"]
[Black "Roitburd, Marina"]
[Result "1-0"]
[WhiteElo "2137"]
[BlackElo "1941"]
[PlyCount "81"]
[EventDate "2010.11.06"]
[EventType "team-tourn"]
[EventRounds "11"]
[EventCountry "GER"]
[SourceTitle "EXT 2012"]
[Source "ChessBase"]
[SourceDate "2011.11.24"]
[SourceVersion "1"]
[SourceVersionDate "2011.11.24"]
[SourceQuality "1"]
[WhiteTeam "Leipzig Gohlis (W)"]
[BlackTeam "Muelheim Nord (W)"]
[WhiteTeamCountry "GER"]
[BlackTeamCountry "GER"]

1. e4 c5 2. Nf3 e6 3. d4 cxd4 4. Nxd4 a6 5. Nc3 Qc7 6. Bd3 Nf6 7. f4 Bb4 8. 0-0 Bxc3 9. bxc3 Qxc3 10. Nb3 d6 11. Ba3 0-0 12. Bxd6 Rd8 13. e5 Rxd6 14. exd6 Nc6 15. Rf3 Qb4 16. c4 e5 17. fxe5 Nxe5 18. Rg3 Kh8 19. c5 Be6 20. Qd2 Qh4 21. Re1 Nfg4 22. Rh3 Qxh3 23. gxh3 Nf3+ 24. Kg2 Nxd2 25. Nxd2 Nf6 26. Bc4 Nd5 27. Kg3 g6 28. Re5 Nf6 29. Bxe6 Re8 30. Ne4 Nxe4+ 31. Rxe4 fxe6 32. Rb4 Rc8 33. Rxb7 Kg8 34. Rc7 Rd8 35. d7 Kf7 36. c6 Ke7 37. Rc8 e5 38. Kf3 h5 39. Ke4 g5 40. Kxe5 g4 41. Rxd8 1-0

[Event "BL 1011 (Women)"]
[Site "Germany"]
[Date "2011.01.29"]
[Round "6.4"]
[White "Roitburd, Marina"]
[Black "Voicu Jagodzinsky, Carmen"]
[Result "0-1"]
[WhiteElo "1941"]
[BlackElo "2313"]
[PlyCount "74"]
[EventDate "2010.11.06"]
[EventType "team-tourn"]
[EventRounds "11"]
[EventCountry "GER"]
[SourceTitle "EXT 2012"]
[Source "ChessBase"]
[SourceDate "2011.11.24"]
[SourceVersion "1"]
[SourceVersionDate "2011.11.24"]
[SourceQuality "1"]
[WhiteTeam "Muelheim Nord (W)"]
[BlackTeam "Grosslehna (W)"]
[WhiteTeamCountry "GER"]
[BlackTeamCountry "GER"]

1. e4 c5 2. Nf3 e6 3. d4 cxd4 4. Nxd4 Nf6 5. Nc3 d6 6. Be3 a6 7. f3 b5 8. Qd2 Qa5 9. g4 Bb7 10. h4 Nc6 11. g5 Nd7 12. h5 Nde5 13. Be2 b4 14. Nd1 d5 15. Nb3 Qc7 16. exd5 Rd8 17. c4 bxc3 18. Nxc3 Nb4 19. f4 Nxd5 20. Nxd5 Bxd5 21. Rd1 Nc6 22. 0-0 Bxb3 23. Qc3 Bxd1 24. Bxd1 Bb4 25. Qxg7 Rf8 26. Ba4 Rc8 27. g6 hxg6 28. h6 Qa5 29. h7 Qxa4 30. h8Q Rxh8 31. Qxh8+ Bf8 32. Bc5 Ne7 33. Bd4 Nf5 34. Bc3 Qe4 35. Re1 Qxf4 36. Qf6 Bc5+ 37. Kh1 Qf3+ 0-1

[Event "Ruhrgebiet Verbandsliga2 1011"]
[Site "Nordrheinwestfalen"]
[Date "2010.10.24"]
[Round "2.5"]
[White "Borjini, Faousi"]
[Black "Roitburd, Marina"]
[Result "1/2-1/2"]
[WhiteElo "1917"]
[BlackElo "1947"]
[PlyCount "106"]
[EventDate "2010.09.12"]
[EventType "team-tourn"]
[EventRounds "9"]
[EventCountry "GER"]
[SourceTitle "EXT 2020"]
[Source "ChessBase"]
[SourceDate "2019.10.17"]
[SourceVersion "1"]
[SourceVersionDate "2019.10.17"]
[SourceQuality "1"]
[WhiteTeam "Dortmund FS 98"]
[BlackTeam "Muelheim Nord III"]
[WhiteTeamCountry "GER"]
[BlackTeamCountry "GER"]

1. d4 Nf6 2. c4 g6 3. Nc3 d5 4. cxd5 Nxd5 5. e4 Nxc3 6. bxc3 Bg7 7. Bc4 c5 8. Ne2 Nc6 9. Be3 cxd4 10. cxd4 b5 11. Bd5 Bd7 12. Rc1 Rc8 13. 0-0 e6 14. Bxc6 Rxc6 15. d5 Rxc1 16. Qxc1 0-0 17. Qa3 exd5 18. exd5 a5 19. Rc1 b4 20. Qd3 Re8 21. Nd4 Ba4 22. Nc6 Qa8 23. Rc5 Bxc6 24. dxc6 Rd8 25. Rd5 Bf6 26. Rxd8+ Bxd8 27. Qd7 Qb8 28. Qe8+ Kg7 29. Bd4+ f6 30. Bc5 Bc7 31. Qe7+ Kg8 32. Qxf6 Qe8 33. Be7 Qf7 34. g3 Qxf6 35. Bxf6 Kf7 36. Bg5 Ke6 37. Kf1 Kd5 38. Ke2 Kxc6 39. Kd3 Kd5 40. Be7 Bb6 41. f3 Bg1 42. h3 Bf2 43. g4 Ke5 44. Bd8 a4 45. Bc7+ Kd5 46. Ba5 Kc5 47. Bd8 Be1 48. Bf6 Kd5 49. Bg7 Bg3 50. Bf8 b3 51. axb3 axb3 52. Kc3 Bf4 53. Ba3 Be3 1/2-1/2

[Event "GER-chT Federal Cup (Women)"]
[Site "Braunfels"]
[Date "2010.06.06"]
[Round "5"]
[White "Roitburd, Marina"]
[Black "Frey, Alisa"]
[Result "1/2-1/2"]
[WhiteElo "2036"]
[BlackElo "2049"]
[PlyCount "45"]
[EventDate "2010.06.03"]
[EventType "team-swiss"]
[EventRounds "5"]
[EventCountry "GER"]
[SourceTitle "CBM 136 Extra"]
[Source "ChessBase"]
[SourceDate "2010.07.02"]
[SourceVersion "2"]
[SourceVersionDate "2010.07.15"]
[SourceQuality "1"]

1. e4 e5 2. Nc3 Nf6 3. f4 d5 4. fxe5 Nxe4 5. d3 Nxc3 6. bxc3 d4 7. Nf3 Nc6 8. cxd4 Nxd4 9. c3 Nxf3+ 10. Qxf3 Bc5 11. Qg3 g6 12. Bg5 Be7 13. Bxe7 Qxe7 14. d4 0-0 15. Bc4 c5 16. 0-0 cxd4 17. cxd4 Be6 18. Rac1 Rad8 19. Qe3 Qd7 20. Rfd1 Bxc4 21. Rxc4 Qd5 22. Rdc1 b5 23. Rc5 1/2-1/2

[Event "GER-chT Federal Cup (Women)"]
[Site "Braunfels"]
[Date "2010.06.05"]
[Round "4"]
[White "Ankerst, Milka"]
[Black "Roitburd, Marina"]
[Result "1/2-1/2"]
[WhiteElo "2134"]
[BlackElo "2036"]
[PlyCount "60"]
[EventDate "2010.06.03"]
[EventType "team-swiss"]
[EventRounds "5"]
[EventCountry "GER"]
[SourceTitle "CBM 136 Extra"]
[Source "ChessBase"]
[SourceDate "2010.07.02"]
[SourceVersion "2"]
[SourceVersionDate "2010.07.15"]
[SourceQuality "1"]

1. e4 c5 2. Nf3 e6 3. d4 cxd4 4. Nxd4 a6 5. Bd3 Bc5 6. Nb3 Ba7 7. Nc3 Nc6 8. Qe2 Ne5 9. Be3 Bxe3 10. Qxe3 Nf6 11. h3 0-0 12. f4 Nxd3+ 13. cxd3 b5 14. e5 b4 15. Ne4 Nxe4 16. dxe4 Bb7 17. 0-0 Rc8 18. Rac1 Qh4 19. Nc5 Bc6 20. Rfd1 f5 21. Nxd7 Bxd7 22. Rxd7 Rxc1+ 23. Qxc1 fxe4 24. Qc4 e3 25. Qxe6+ Kh8 26. Rf7 Rd8 27. Qd6 h6 28. Rf8+ Rxf8 29. Qxf8+ Kh7 30. Qf5+ Kh8 1/2-1/2

[Event "Ruhrgebiet VK1 0910"]
[Site "Ruhrgebiet"]
[Date "2010.03.21"]
[Round "8.6"]
[White "Roitburd, Marina"]
[Black "Nebel, Uwe"]
[Result "1-0"]
[WhiteElo "2036"]
[BlackElo "2016"]
[PlyCount "53"]
[EventDate "2009.09.06"]
[EventType "team"]
[EventRounds "9"]
[EventCountry "GER"]
[SourceTitle "EXT 2011"]
[Source "ChessBase"]
[SourceDate "2010.11.26"]
[SourceVersion "1"]
[SourceVersionDate "2010.11.26"]
[SourceQuality "1"]
[WhiteTeam "Muelheim Nord III"]
[BlackTeam "Drewer SG"]
[WhiteTeamCountry "GER"]
[BlackTeamCountry "GER"]

1. e4 c5 2. Nf3 d6 3. d4 cxd4 4. Nxd4 a6 5. Nc3 Nf6 6. f3 e5 7. Nb3 b5 8. Nd5 Nxe4 9. fxe4 Qh4+ 10. Kd2 Qxe4 11. Qf3 Qxf3 12. gxf3 Ra7 13. Ke1 Be6 14. Be3 Rb7 15. c4 Bxd5 16. cxd5 Rc7 17. Kd2 Nd7 18. Bd3 Nc5 19. Rhc1 Be7 20. Na5 g6 21. b4 Nxd3 22. Rxc7 Nxb4 23. Rc8+ Bd8 24. Bb6 Kd7 25. Rxd8+ Rxd8 26. Bxd8 Kxd8 27. Nc6+ 1-0

[Event "BL2 West 0910 (Women)"]
[Site "Germany"]
[Date "2010.01.17"]
[Round "5.3"]
[White "Stroessner, Lena"]
[Black "Roitburd, Marina"]
[Result "1/2-1/2"]
[WhiteElo "1971"]
[BlackElo "2036"]
[PlyCount "60"]
[EventDate "2009.11.07"]
[EventType "team-tourn"]
[EventRounds "7"]
[EventCountry "GER"]
[SourceTitle "CBM 133 Extra"]
[Source "ChessBase"]
[SourceDate "2010.01.05"]
[SourceVersion "1"]
[SourceVersionDate "2010.01.05"]
[SourceQuality "1"]
[WhiteTeam "Steinfurt (W)"]
[BlackTeam "Muelheim Nord (W)"]
[WhiteTeamCountry "GER"]
[BlackTeamCountry "GER"]

1. Nf3 Nf6 2. d4 g6 3. c4 Bg7 4. Nc3 d5 5. cxd5 Nxd5 6. e4 Nxc3 7. bxc3 c5 8. Bb5+ Bd7 9. Bxd7+ Qxd7 10. 0-0 Nc6 11. Be3 Rd8 12. d5 Ne5 13. Bxc5 Qc7 14. Bd4 0-0 15. Re1 e6 16. Nxe5 Bxe5 17. Bxe5 Qxe5 18. c4 f5 19. Qb3 fxe4 20. dxe6 Qxe6 21. Qxb7 Qf6 22. Qxa7 Rd2 23. Rf1 Qb2 24. Rae1 Re8 25. a4 Qc3 26. c5 e3 27. fxe3 Qc4 28. c6 Rxg2+ 29. Kxg2 Qg4+ 30. Kh1 Qe4+ 1/2-1/2

[Event "GER-chT Federal Cup (Women)"]
[Site "Germany"]
[Date "2007.??.??"]
[Round "3"]
[White "Roitburd, Marina"]
[Black "Barpiyeva, Gulsana"]
[Result "0-1"]
[WhiteElo "2030"]
[BlackElo "2105"]
[PlyCount "76"]
[EventDate "2007.06.??"]
[EventType "team-swiss"]
[EventRounds "5"]
[EventCountry "GER"]
[SourceTitle "EXT 2008"]
[Source "ChessBase"]
[SourceDate "2007.11.25"]
[SourceVersion "1"]
[SourceVersionDate "2007.11.25"]
[SourceQuality "1"]
[WhiteTeam "NRW"]
[BlackTeam "Baden"]
[WhiteTeamCountry "GER"]
[BlackTeamCountry "GER"]

1. e4 c5 2. Nf3 e6 3. d4 cxd4 4. Nxd4 a6 5. Be2 Qc7 6. 0-0 Nf6 7. Nc3 Be7 8. f4 d6 9. Be3 Nc6 10. Bf3 0-0 11. Qe1 Bd7 12. Qg3 Nxd4 13. Bxd4 Bc6 14. Kh1 b5 15. e5 dxe5 16. fxe5 Nd7 17. Ne4 Bxe4 18. Bxe4 Rac8 19. Rae1 g6 20. Qf4 Bc5 21. Bxc5 Nxc5 22. Qh6 Qe7 23. Rf6 Nd7 24. Qg5 Rfe8 25. Ref1 Nxf6 26. exf6 Qc5 27. Qh6 Qf8 28. Qf4 Rc4 29. h4 Rd8 30. c3 b4 31. h5 bxc3 32. hxg6 hxg6 33. bxc3 Rd5 34. g4 Ra5 35. Rf2 Raa4 36. Re2 Rxc3 37. Rh2 Rb4 38. Bxg6 Qa8+ 0-1

[Event "NRW Class1 0506"]
[Site "Germany"]
[Date "2006.01.08"]
[Round "5.8"]
[White "Roitburd, Marina"]
[Black "Berndt, Wolfgang"]
[Result "1-0"]
[WhiteElo "2020"]
[BlackElo "1727"]
[PlyCount "47"]
[EventDate "2005.09.25"]
[EventType "team"]
[EventRounds "9"]
[EventCountry "GER"]
[SourceTitle "EXT 2006"]
[Source "ChessBase"]
[SourceDate "2005.11.24"]
[SourceVersion "1"]
[SourceVersionDate "2005.11.24"]
[SourceQuality "1"]
[WhiteTeam "Muelheim Nord II"]
[BlackTeam "Monheim"]
[WhiteTeamCountry "GER"]
[BlackTeamCountry "GER"]

1. e4 c6 2. d4 d5 3. Nd2 dxe4 4. Nxe4 Nf6 5. Ng3 Qc7 6. Bd3 Bg4 7. f3 Bh5 8. Nh3 e6 9. Nxh5 Nxh5 10. 0-0 Bd6 11. f4 Nf6 12. Kh1 g6 13. Qe1 Nbd7 14. Ng5 0-0 15. Qh4 Kg7 16. f5 exf5 17. Nh3 Nh5 18. Rxf5 Bg3 19. Qg5 Ndf6 20. Rxf6 Nxf6 21. hxg3 Rae8 22. Bf4 Qd7 23. Be5 Qe6 24. Rf1 1-0